|
|
|
|
| LEADER |
01331nam a2200349 a 4500 |
| 001 |
2558 |
| 003 |
BD-DhAAL |
| 005 |
20150428094533.0 |
| 008 |
150428s1999 dcua b i000 0 eng |
| 010 |
|
|
|a 98036252
|
| 020 |
|
|
|a 0821342932 (pbk.)
|
| 040 |
|
|
|a DLC
|c DLC
|d DLC
|d BD-DhAAL
|
| 050 |
0 |
0 |
|a HG3881.5.W57
|b R63 1999
|
| 082 |
0 |
0 |
|a 338.95492
|2 21
|
| 100 |
1 |
|
|a Robinson, Roger J.,
|d 1948-
|9 10775
|
| 245 |
1 |
0 |
|a Bangladesh :
|b progress through partnership : country assistance review /
|c Roger J. Robinson.
|
| 250 |
|
|
|a 1st ed.
|
| 260 |
|
|
|a Washington, D.C. :
|b World Bank,
|c 1999.
|
| 300 |
|
|
|a xvii, 59 p. :
|b ill. ;
|c 28 cm.
|
| 490 |
1 |
|
|a OED series
|
| 500 |
|
|
|a At head of title: World Bank Operations Evaluation Department.
|
| 504 |
|
|
|a Includes bibliographical references (p. 55-57).
|
| 541 |
|
|
|e 2558
|
| 610 |
2 |
0 |
|a World Bank
|z Bangladesh.
|9 10776
|
| 650 |
|
0 |
|a Economic assistance
|z Bangladesh.
|9 10777
|
| 651 |
|
0 |
|a Bangladesh
|x Economic conditions.
|9 6034
|
| 651 |
|
0 |
|a Bangladesh
|x Economic policy.
|9 10599
|
| 710 |
2 |
|
|a World Bank.
|b Operations Evaluation Department.
|9 10778
|
| 830 |
|
0 |
|a OED series (Washington, D.C.)
|9 10779
|
| 942 |
|
|
|2 ddc
|c BK
|
| 999 |
|
|
|c 34327
|d 34327
|
| 952 |
|
|
|0 0
|1 0
|2 ddc
|4 0
|6 338_954920000000000_ROB
|7 0
|9 53592
|a SCL
|b SCL
|c GEN
|d 2015-04-28
|l 0
|o 338.95492 ROB
|p 3020002558
|r 2015-04-28
|t 1
|w 2015-04-28
|y BK
|